000 00390nam a2200145Ia 4500
008 230711s9999||||xx |||||||||||||| ||und||
041 _aENG
082 _a670
_bMO-M
100 _aMoski,Bruno A
245 0 _aManufacturing management and engineering
250 _a11st
260 _c1977
_aNew Delhi
_bPrentice-Hall of India Private Limited
650 _aMechanical Engineering
942 _cBK
999 _c1068
_d1068